[Event "Tenerife-chT Preferente"]
[Site "Tenerife"]
[Date "2023.03.11"]
[Round "7.2"]
[White "Villagran Carrasco, Juan Carlos"]
[Black "Perez Garcia, Jimena"]
[Result "1-0"]
[WhiteElo "2071"]
[BlackElo "1916"]
[PlyCount "57"]
[EventDate "2023.01.14"]
[EventType "team-tourn"]
[EventRounds "14"]
[EventCountry "ESP"]
[SourceTitle "EXT 2024"]
[Source "ChessBase"]
[SourceDate "2023.10.10"]
[SourceVersion "1"]
[SourceVersionDate "2023.10.10"]
[SourceQuality "1"]
[WhiteTeam "Canarias 64"]
[BlackTeam "Caissa Enroque"]
[WhiteTeamCountry "ESP"]
[BlackTeamCountry "ESP"]

1. d4 Nf6 2. c4 g6 3. Nc3 Bg7 4. Nf3 0-0 5. Bg5 h6 6. Bh4 d6 7. e3 Nbd7 8. Qc2 c6 9. Rd1 Re8 10. Be2 Qc7 11. 0-0 e5 12. b4 a5 13. b5 Nh7 14. bxc6 bxc6 15. h3 f5 16. Bg3 Rf8 17. c5 dxc5 18. Bc4+ Kh8 19. Nh4 Rf6 20. dxe5 Nxe5 21. Be2 Nf8 22. Na4 g5 23. Nf3 Nxf3+ 24. Bxf3 Qe7 25. Nxc5 Ng6 26. Rfe1 Ba6 27. Nd7 Rf7 28. Qxc6 Qe8 29. Qxa8 1-0

[Event "ESP-ch U18"]
[Site "Salobrena"]
[Date "2022.08.05"]
[Round "7"]
[White "Perez Garcia, Jimena"]
[Black "Salvans Serra, Arnau"]
[Result "1-0"]
[WhiteElo "1973"]
[BlackElo "2227"]
[PlyCount "79"]
[EventDate "2022.08.01"]
[EventType "swiss"]
[EventRounds "9"]
[EventCountry "ESP"]
[SourceTitle "EXT 2023"]
[Source "ChessBase"]
[SourceDate "2022.10.05"]
[SourceVersion "1"]
[SourceVersionDate "2022.10.05"]
[SourceQuality "1"]

1. d4 Nf6 2. c4 b6 3. Nc3 Bb7 4. Qc2 d5 5. cxd5 Nxd5 6. Nf3 e6 7. e4 Nxc3 8. bxc3 Be7 9. Bf4 Nd7 10. Rd1 Bd6 11. Be3 Qc8 12. Be2 0-0 13. 0-0 c5 14. e5 Be7 15. Bd3 h6 16. Qe2 Rd8 17. Ne1 c4 18. Bb1 f5 19. Qh5 Nf8 20. f3 Qc6 21. g4 fxg4 22. Qxg4 Kh8 23. Rd2 Qe8 24. Rg2 Qf7 25. Kf2 Rd7 26. Rfg1 Bg5 27. Bxg5 hxg5 28. Qxg5 Qe7 29. Qh6+ Kg8 30. Rg3 Rb8 31. Rh3 Qa3 32. Qh8+ Kf7 33. Rxg7+ Ke8 34. Rxd7 Kxd7 35. Rh7+ Nxh7 36. Qxb8 Qb2+ 37. Bc2 Bxf3 38. Kxf3 Qxc3+ 39. Ke2 Ng5 40. Ba4+ 1-0

[Event "ESP-ch U18"]
[Site "Salobrena"]
[Date "2022.08.01"]
[Round "2"]
[White "Cesar Maestre, Bernardo"]
[Black "Perez Garcia, Jimena"]
[Result "1/2-1/2"]
[WhiteElo "2343"]
[BlackElo "1973"]
[PlyCount "121"]
[EventDate "2022.08.01"]
[EventType "swiss"]
[EventRounds "9"]
[EventCountry "ESP"]
[SourceTitle "EXT 2023"]
[Source "ChessBase"]
[SourceDate "2022.10.05"]
[SourceVersion "1"]
[SourceVersionDate "2022.10.05"]
[SourceQuality "1"]

1. e4 c5 2. Nf3 d6 3. c3 Nf6 4. Be2 g6 5. 0-0 Bg7 6. Bb5+ Bd7 7. Bxd7+ Nbxd7 8. Qe2 e5 9. d3 0-0 10. a4 Re8 11. Na3 Nb8 12. b4 cxb4 13. cxb4 d5 14. Bb2 Nc6 15. b5 dxe4 16. dxe4 Nd4 17. Nxd4 exd4 18. f3 Nh5 19. Rfd1 Nf4 20. Qf1 Rc8 21. g3 Ne6 22. Nc4 h5 23. Kg2 h4 24. Ba3 Qg5 25. Bc1 Qc5 26. Nd2 Qc2 27. Ba3 Bh6 28. f4 Rc3 29. Bb4 Re3 30. Rdc1 Qd3 31. Qxd3 Rxd3 32. Ra3 Rxa3 33. Bxa3 hxg3 34. hxg3 Rd8 35. Rc4 Rd7 36. e5 Bf8 37. Bxf8 Kxf8 38. Kf3 b6 39. Nb3 Ke7 40. Ke2 d3+ 41. Kd2 f6 42. Re4 fxe5 43. Rxe5 Kf6 44. Re4 g5 45. fxg5+ Nxg5 46. Re3 Kf5 47. Rxd3 Ne4+ 48. Ke3 Rxd3+ 49. Kxd3 Nxg3 50. Nd4+ Ke5 51. Nc6+ Kd5 52. Nxa7 Kc5 53. Nc6 Nf5 54. Kc3 Nd6 55. Nd4 Ne4+ 56. Kd3 Nd6 57. Kc3 Ne4+ 58. Kd3 Nd6 59. Nc2 Nxb5 60. axb5 Kxb5 61. Kd4 1/2-1/2

[Event "EU-ch Hybrid U16 Girls"]
[Site "Tornelo INT"]
[Date "2021.10.15"]
[Round "2"]
[White "Carevic, Milica"]
[Black "Perez Garcia, Jimena"]
[Result "1-0"]
[WhiteElo "1675"]
[BlackElo "1914"]
[PlyCount "115"]
[EventDate "2021.10.15"]
[EventType "swiss"]
[EventRounds "9"]
[EventCountry "NET"]
[SourceTitle "EXT 2023"]
[Source "ChessBase"]
[SourceDate "2022.10.05"]
[SourceVersion "1"]
[SourceVersionDate "2022.10.05"]
[SourceQuality "1"]
[WhiteTeam "Serbia"]
[BlackTeam "Spain"]
[WhiteTeamCountry "SRB"]
[BlackTeamCountry "ESP"]

1. d4 Nf6 2. c4 g6 3. g3 Bg7 4. Nf3 0-0 5. Bg2 d6 6. 0-0 Nbd7 7. Nc3 e5 8. d5 a5 9. e4 Nc5 10. Ne1 Nfd7 11. Be3 Nb6 12. b3 f5 13. exf5 gxf5 14. Bxc5 dxc5 15. Qd2 e4 16. Rd1 Bd7 17. Nc2 a4 18. Rb1 Qf6 19. Ne2 axb3 20. axb3 Ra2 21. Nc1 Bh6 22. Qd1 Rb2 23. Rxb2 Qxb2 24. Ne3 Qd4 25. Ne2 Qe5 26. Qa1 Qe7 27. Rb1 f4 28. Nxf4 Bxf4 29. gxf4 Rxf4 30. Qb2 Qg5 31. Nf1 h5 32. Qd2 Bh3 33. Ng3 Bxg2 34. Kxg2 h4 35. Rh1 Qg4 36. Qe3 hxg3 37. hxg3 Qf3+ 38. Qxf3 Rxf3 39. Rb1 Rc3 40. Re1 Rxb3 41. Rxe4 Kf7 42. Rh4 Ke7 43. Rh7+ Kd6 44. g4 Nxc4 45. g5 Ne5 46. f4 Rb2+ 47. Kg3 Rb3+ 48. Kg2 Ng4 49. g6 Nf6 50. g7 Kxd5 51. Rh6 Ng8 52. Rh8 Nf6 53. Rh6 Ng8 54. Rh8 Rb2+ 55. Kf3 Rb3+ 56. Kg4 Nf6+ 57. Kf5 Rb6 58. Rf8 1-0

[Event "EU-ch Hybrid U16 Girls"]
[Site "Tornelo INT"]
[Date "2021.10.15"]
[Round "8"]
[White "Kara, Gulce Nehir"]
[Black "Perez Garcia, Jimena"]
[Result "1-0"]
[WhiteElo "1766"]
[BlackElo "1914"]
[PlyCount "119"]
[EventDate "2021.10.15"]
[EventType "swiss"]
[EventRounds "9"]
[EventCountry "NET"]
[SourceTitle "EXT 2023"]
[Source "ChessBase"]
[SourceDate "2022.10.05"]
[SourceVersion "1"]
[SourceVersionDate "2022.10.05"]
[SourceQuality "1"]
[WhiteTeam "Turkey"]
[BlackTeam "Spain"]
[WhiteTeamCountry "TUR"]
[BlackTeamCountry "ESP"]

1. d4 Nf6 2. Bf4 g6 3. Nc3 d5 4. e3 Bg7 5. h4 h5 6. Nf3 0-0 7. Ne5 c5 8. Qd2 Nc6 9. dxc5 Qa5 10. Nxc6 bxc6 11. Be5 Ne4 12. Nxe4 Qxd2+ 13. Nxd2 Bxe5 14. c3 Rb8 15. 0-0-0 Bd7 16. Nb3 a5 17. Nxa5 Ra8 18. Nc4 Bc7 19. a3 Bf5 20. Nd2 Rfb8 21. Be2 Ra5 22. b4 Rxa3 23. Kb2 Ra7 24. Ra1 Rab7 25. Ra6 Be5 26. Kb3 Be6 27. Rxc6 Bg7 28. Nf3 Ra7 29. Ra6 Rc7 30. Kc2 Bc8 31. Ra5 e5 32. Rd1 Bf5+ 33. Kb3 Be4 34. Ne1 Bf8 35. Ka3 Rd7 36. f3 Bf5 37. Bb5 Rdd8 38. Bc6 Be6 39. Kb2 d4 40. exd4 exd4 41. Rxd4 Rxd4 42. cxd4 Rxb4+ 43. Kc3 Rb3+ 44. Kc2 Bg7 45. Bd7 Bxd4 46. Bxe6 Rc3+ 47. Kd2 fxe6 48. Nd3 e5 49. Ra4 Rb3 50. Rc4 Kf7 51. c6 Rb8 52. f4 Ke6 53. fxe5 Bxe5 54. Re4 Rc8 55. Rxe5+ Kd6 56. Rc5 Kc7 57. Rg5 Rg8 58. Nf4 Kxc6 59. Rxg6+ Rxg6 60. Nxg6 1-0